[Event "Olimpiada Dresden 2008 Femenina"]
[Site "Dresden GER"]
[Date "2008.11.14"]
[Round "2.8"]
[White "Hoang Thanh, Trang"]
[Black "Calzetta, Monica"]
[Result "1/2-1/2"]
[WhiteElo "2483"]
[BlackElo "2328"]
[PlyCount "206"]
[EventDate "2008.11.13"]
[EventType "team-tourn"]
[EventRounds "11"]
[EventCountry "GER"]
[Source "lmi"]
[SourceDate "2008.11.13"]
[WhiteTeam "Hungría"]
[BlackTeam "España"]
[WhiteTeamCountry "HUN"]
[BlackTeamCountry "ESP"]

1. d4 Nf6 2. Bg5 e6 3. e4 c5 4. e5 h6 5. Bc1 Nh7 6. d5 d6 7. Bb5+ Bd7 8. Bc4
dxe5 9. dxe6 Bxe6 10. Qxd8+ Kxd8 11. Bxe6 fxe6 12. Nf3 Nc6 13. O-O Bd6 14. Na3
Ke7 15. Re1 Rad8 16. c3 Nf6 17. Nc4 Bc7 18. a4 b6 19. h3 Rd5 20. Be3 Rhd8 21.
Rac1 e4 22. Nfd2 Ne5 23. Nxe5 Bxe5 24. Re2 Kf7 25. g3 g5 26. Kg2 Bb8 27. a5
bxa5 28. Ra1 Bc7 29. Nc4 Bb6 30. Nxa5 Rd1 31. Rxd1 Rxd1 32. Nc4 Rd5 33. Re1 Nd7
34. Nd2 Nf6 35. Ra1 Kg6 36. Ra4 Re5 37. c4 h5 38. Nb1 Rf5 39. Nc3 g4 40. h4 Nd7
41. Nxe4 Ne5 42. Bxc5 Nd3 43. Bxb6 axb6 44. Ra3 Nxb2 45. Nd6 Rc5 46. Re3 e5 47.
Rb3 Rc6 48. Nc8 Rxc8 49. Rxb6+ Kg7 50. Rxb2 Rxc4 51. Rb5 Re4 52. Kf1 Kg6 53.
Rb6+ Kg7 54. Rb7+ Kg6 55. Re7 Kh6 56. Rf7 Kg6 57. Rf8 Kg7 58. Rf5 Kg6 59. Rg5+
Kh6 60. f3 gxf3 61. Kf2 Re2+ 62. Kxf3 Re1 63. Kf2 Re4 64. Rf5 Kg6 65. Rf8 Kg7
66. Re8 Kh7 67. Re6 Kg7 68. Kg2 Kh7 69. Rf6 Re2+ 70. Kf1 Re3 71. Kf2 Re4 72.
Rb6 Kg7 73. Kf3 Re1 74. Rb4 Kf6 75. Rb6+ Kg7 76. Ra6 Kh7 77. Kf2 Re4 78. Ra1
Kg6 79. Kf3 Rb4 80. Ra6+ Kf5 81. Rh6 e4+ 82. Kg2 Rb2+ 83. Kh3 e3 84. Rxh5+ Ke4
85. Rh8 e2 86. Re8+ Kf3 87. Rf8+ Ke3 88. Re8+ Kf2 89. Rf8+ Kg1 90. Re8 Kf2 91.
Rf8+ Ke3 92. Re8+ Kd2 93. Rd8+ Kc1 94. Re8 Kd1 95. h5 e1=Q 96. Rxe1+ Kxe1 97.
Kg4 Kf2 98. h6 Rb4+ 99. Kg5 Kxg3 100. h7 Rb8 101. Kg6 Kg4 102. Kg7 Kg5 103.
h8=Q Rxh8 1/2-1/2

[Event "Olimpiada Dresden 2008 Femenina"]
[Site "Dresden GER"]
[Date "2008.11.14"]
[Round "2.8"]
[White "Pares Vives, Natalia"]
[Black "Vajda, Szidonia"]
[Result "0-1"]
[WhiteElo "2299"]
[BlackElo "2380"]
[PlyCount "62"]
[EventDate "2008.11.13"]
[EventType "team-tourn"]
[EventRounds "11"]
[EventCountry "GER"]
[Source "lmi"]
[SourceDate "2008.11.13"]
[WhiteTeam "España"]
[BlackTeam "Hungría"]
[WhiteTeamCountry "ESP"]
[BlackTeamCountry "HUN"]

1. Nf3 d5 2. c4 e6 3. g3 c5 4. Bg2 Nc6 5. O-O Nf6 6. b3 Be7 7. d3 O-O 8. e3 e5
9. cxd5 Nxd5 10. a3 Be6 11. Bb2 Qc7 12. Nc3 Nxc3 13. Bxc3 Rad8 14. Qb1 Bf6 15.
Rd1 Qb6 16. Nd2 Bd5 17. b4 cxb4 18. axb4 Bxg2 19. Kxg2 Ne7 20. b5 Rd5 21. Ra5
Rc8 22. Nc4 Qd8 23. Rxa7 Rcc5 24. e4 Rxb5 25. Qa2 Rdc5 26. f4 exf4 27. Bxf6
gxf6 28. gxf4 Qd4 29. f5 Rxc4 30. dxc4 Rb2+ 31. Kh3 Qe3+ 0-1

[Event "Olimpiada Dresden 2008 Femenina"]
[Site "Dresden GER"]
[Date "2008.11.14"]
[Round "2.8"]
[White "Madl, Ildiko"]
[Black "Vega Gutierrez, Sabrina"]
[Result "1-0"]
[WhiteElo "2376"]
[BlackElo "2278"]
[PlyCount "199"]
[EventDate "2008.11.13"]
[EventType "team-tourn"]
[EventRounds "11"]
[EventCountry "GER"]
[Source "lmi"]
[SourceDate "2008.11.13"]
[WhiteTeam "Hungría"]
[BlackTeam "España"]
[WhiteTeamCountry "HUN"]
[BlackTeamCountry "ESP"]

1. e4 c5 2. Nf3 Nc6 3. d4 cxd4 4. Nxd4 Nf6 5. Nc3 e5 6. Ndb5 d6 7. Bg5 a6 8.
Na3 b5 9. Nd5 Be7 10. Bxf6 Bxf6 11. c3 Bg5 12. Nc2 Ne7 13. a4 bxa4 14. Ncb4 O-O
15. Qxa4 Nxd5 16. Nxd5 Bd7 17. Qa2 a5 18. Bd3 a4 19. O-O Qb8 20. Bc4 Bc6 21.
Rfe1 Qb7 22. Qb1 Bd8 23. Nb4 Rb8 24. Qd3 Bb6 25. Nxc6 Qxc6 26. Bd5 Qd7 27. Qc2
Bc5 28. Re2 a3 29. b4 Ba7 30. Rxa3 Rfc8 31. Qd1 g6 32. h3 Kg7 33. Qb3 Bb6 34.
Rd2 Qe7 35. Qd1 Qf6 36. Qf3 Qe7 37. Qd3 Rc7 38. Rda2 Qg5 39. Qd2 Qh4 40. Ra6
Qd8 41. R2a3 Qf6 42. g3 Qf3 43. c4 Qf6 44. Kg2 Qd8 45. R3a4 Qf6 46. Ra2 Qd8 47.
R2a3 Qf6 48. Rd3 Qe7 49. Qa2 Qd8 50. Qa4 Re7 51. Bc6 Qc7 52. Ra8 Bd4 53. Ra3
Rxa8 54. Bxa8 Qb6 55. Qb5 Qxb5 56. cxb5 Ra7 57. Ra6 Kf8 58. Bd5 Ke7 59. g4 f6
60. Kf3 Kd7 61. Ke2 Kc7 62. f3 Kd7 63. Kd3 Kc7 64. Kc4 g5 65. Be6 Bb6 66. Kd5
h6 67. Bf5 Rb7 68. Be6 Ra7 69. Rxa7+ Bxa7 70. Bf5 Kb6 71. Bd7 Kc7 72. Bc6 Be3
73. Ke6 Bd2 74. Kxf6 Bxb4 75. Kg6 Be1 76. Kxh6 Bh4 77. Kg6 Kb6 78. Kf6 Kc7 79.
Be8 Kb6 80. Ke6 Kc7 81. Bc6 Bf2 82. Bd7 Bh4 83. b6+ Kxb6 84. Kxd6 Bg3 85. h4
Bxh4 86. Kxe5 Kc7 87. Ba4 Be1 88. Ke6 Kd8 89. e5 Bd2 90. Kf6 Bc3 91. Kxg5 Bxe5
92. f4 Bd6 93. f5 Ke7 94. Kg6 Be5 95. g5 Bf4 96. Bb3 Kf8 97. f6 Bd2 98. Kf5 Bc1
99. g6 Bh6 100. Ke4 1-0

[Event "Olimpiada Dresden 2008 Femenina"]
[Site "Dresden GER"]
[Date "2008.11.14"]
[Round "2.9"]
[White "Le, Thanh Tu"]
[Black "Socko, Monika"]
[Result "0-1"]
[WhiteElo "2324"]
[BlackElo "2434"]
[PlyCount "76"]
[EventDate "2008.11.13"]
[EventType "team-tourn"]
[EventRounds "11"]
[EventCountry "GER"]
[Source "lmi"]
[SourceDate "2008.11.13"]
[WhiteTeam "Vietnam"]
[BlackTeam "Polonia"]
[WhiteTeamCountry "VIE"]
[BlackTeamCountry "POL"]

1. d4 Nf6 2. c4 e6 3. g3 c5 4. d5 exd5 5. cxd5 b5 6. e4 Nxe4 7. Qe2 Qe7 8. Bg2
f5 9. d6 Qe6 10. Nc3 Bxd6 11. g4 g6 12. gxf5 gxf5 13. Nxb5 Ba6 14. a4 Rg8 15.
Kf1 Nc6 16. Nf3 Bb7 17. Ng5 Qe7 18. Qh5+ Rg6 19. Nxh7 Ne5 20. Ng5 O-O-O 21. h4
Bb8 22. Bf4 Rdg8 23. Qe2 Nf7 24. Bxe4 fxe4 25. Be3 Nxg5 26. hxg5 Rxg5 27. Rc1
Qg7 28. Qc2 Rd5 29. Ke1 Bc6 30. Nc3 Rd3 31. Ne2 Qf7 32. Qxc5 Qf3 33. Rf1 Rg2
34. b4 Bd6 35. Qc4 Rxe3 36. fxe3 Bxb4+ 37. Rc3 Rxe2+ 38. Qxe2 Bxc3+ 0-1

[Event "Olimpiada Dresden 2008 Femenina"]
[Site "Dresden GER"]
[Date "2008.11.14"]
[Round "2.9"]
[White "Zawadzka, Jolanta"]
[Black "Pham, Le Thao Nguyen"]
[Result "1-0"]
[WhiteElo "2378"]
[BlackElo "2304"]
[PlyCount "115"]
[EventDate "2008.11.13"]
[EventType "team-tourn"]
[EventRounds "11"]
[EventCountry "GER"]
[Source "lmi"]
[SourceDate "2008.11.13"]
[WhiteTeam "Polonia"]
[BlackTeam "Vietnam"]
[WhiteTeamCountry "POL"]
[BlackTeamCountry "VIE"]

1. e4 Nf6 2. e5 Nd5 3. d4 d6 4. c4 Nb6 5. exd6 cxd6 6. Nc3 g6 7. h3 Bg7 8. Nf3
O-O 9. Be2 Nc6 10. O-O Bf5 11. Bg5 h6 12. Be3 d5 13. c5 Nc4 14. Bc1 b6 15. b3
N4a5 16. cxb6 axb6 17. Be3 Be4 18. Nh2 Kh7 19. Rc1 Bf5 20. Nb5 Qd7 21. Qd2 Rfc8
22. Bf4 Nb7 23. Rfd1 Nbd8 24. Nf1 Be6 25. Rc3 f5 26. Be3 Bf7 27. Rdc1 Be8 28.
a4 Ne6 29. f4 Na5 30. Bf3 Rxc3 31. Rxc3 Rd8 32. Qd3 Qb7 33. g4 Qb8 34. Qd2 Bxb5
35. axb5 Nb7 36. Ng3 fxg4 37. hxg4 Nc7 38. Qd3 Nd6 39. Rc6 Ncxb5 40. Bxd5 Nc7
41. Bf3 Nce8 42. d5 b5 43. Bd1 Qa8 44. Bc2 Qa1+ 45. Kg2 Kg8 46. Qxg6 Nf6 47.
Rc5 Qe1 48. Kf3 Qb4 49. Qd3 Rf8 50. Nh5 Rf7 51. Nxf6+ Rxf6 52. Rc7 Kf8 53. Bd2
Qa3 54. Qe3 Rf7 55. Bg6 Ne8 56. Ra7 Qd6 57. Bxf7 Kxf7 58. Qe6+ 1-0

[Event "Olimpiada Dresden 2008 Femenina"]
[Site "Dresden GER"]
[Date "2008.11.14"]
[Round "2.9"]
[White "Hoang, Thi Bao Tram"]
[Black "Majdan, Joanna"]
[Result "0-1"]
[WhiteElo "2250"]
[BlackElo "2284"]
[PlyCount "104"]
[EventDate "2008.11.13"]
[EventType "team-tourn"]
[EventRounds "11"]
[EventCountry "GER"]
[Source "lmi"]
[SourceDate "2008.11.13"]
[WhiteTeam "Vietnam"]
[BlackTeam "Polonia"]
[WhiteTeamCountry "VIE"]
[BlackTeamCountry "POL"]

1. d4 Nf6 2. c4 g6 3. Nc3 Bg7 4. Nf3 O-O 5. e4 d6 6. Be2 e5 7. O-O Nc6 8. Be3
Ng4 9. Bg5 f6 10. Bc1 exd4 11. Nxd4 Nxd4 12. Qxd4 f5 13. Qd5+ Kh8 14. exf5 Rxf5
15. Qe4 Re5 16. Qf4 Nh6 17. Bd3 Rh5 18. Be3 Bf5 19. Be2 Rh4 20. Qg3 Ng4 21.
Bxg4 Rxg4 22. Qf3 Rxc4 23. Qxb7 Rb8 24. Qd5 Qg8 25. Qa5 c6 26. Ne2 Qd8 27.
Qxd8+ Rxd8 28. Rac1 Bd3 29. Rfe1 d5 30. Nf4 Bf5 31. b3 Rxc1 32. Rxc1 d4 33. Bd2
Rc8 34. h3 h5 35. b4 Kh7 36. Rc5 h4 37. Kf1 Bh6 38. Re5 Bg5 39. Ke2 d3+ 40. Kd1
Bf6 41. Ra5 Rc7 42. Be3 Rd7 43. Kd2 Bd4 44. Bxd4 Rxd4 45. g3 Kh6 46. Ra3 g5 47.
Nxd3 g4 48. hxg4 h3 49. gxf5 h2 50. Ke3 Rd7 51. Ne5 h1=Q 52. Rc3 Qe1+ 0-1

[Event "Olimpiada Dresden 2008 Femenina"]
[Site "Dresden GER"]
[Date "2008.11.14"]
[Round "2.9"]
[White "Przezdziecka, Marta"]
[Black "Dang, Bich Ngoc"]
[Result "0-1"]
[WhiteElo "2327"]
[BlackElo "2186"]
[PlyCount "92"]
[EventDate "2008.11.13"]
[EventType "team-tourn"]
[EventRounds "11"]
[EventCountry "GER"]
[Source "lmi"]
[SourceDate "2008.11.13"]
[WhiteTeam "Polonia"]
[BlackTeam "Vietnam"]
[WhiteTeamCountry "POL"]
[BlackTeamCountry "VIE"]

1. d4 Nf6 2. Nf3 c5 3. d5 g6 4. Nc3 Bg7 5. e4 d6 6. Bb5+ Nfd7 7. a4 O-O 8. O-O
Na6 9. Re1 Nc7 10. Bf1 b6 11. Bf4 Bb7 12. Qd2 Re8 13. Rad1 a6 14. h4 Nf6 15.
Bc4 Ng4 16. h5 Qd7 17. hxg6 hxg6 18. e5 dxe5 19. Nxe5 Nxe5 20. Bxe5 Bxe5 21.
Rxe5 b5 22. Qh6 bxc4 23. Re3 Qf5 24. Qh2 Rac8 25. Rf3 Qg5 26. Rh3 Qf6 27. Ne4
Qg7 28. Ng5 Bxd5 29. Rh7 Qf6 30. Rxd5 Nxd5 31. Rxf7 Qxf7 32. Nxf7 Kxf7 33. Qh7+
Kf6 34. Qh4+ Kg7 35. Qxc4 Nf6 36. Qxa6 Rc7 37. g3 Rd8 38. Qa5 Rdc8 39. Qc3 Kf7
40. a5 c4 41. Kg2 g5 42. Qe3 g4 43. Qb6 Rd7 44. a6 Rd1 45. a7 Rh8 46. f4 Rdh1
0-1

[Event "Olimpiada Dresden 2008 Femenina"]
[Site "Dresden GER"]
[Date "2008.11.14"]
[Round "2.10"]
[White "Maric, Alisa"]
[Black "Arribas Robaina, Maritza"]
[Result "1-0"]
[WhiteElo "2405"]
[BlackElo "2303"]
[PlyCount "53"]
[EventDate "2008.11.13"]
[EventType "team-tourn"]
[EventRounds "11"]
[EventCountry "GER"]
[Source "lmi"]
[SourceDate "2008.11.13"]
[WhiteTeam "SRB"]
[BlackTeam "Cuba"]
[BlackTeamCountry "CUB"]

1. Nf3 d5 2. d4 Nf6 3. c4 c6 4. e3 a6 5. Bd3 e6 6. O-O dxc4 7. Bxc4 c5 8. a4
Nc6 9. Nc3 Be7 10. Ne5 Nb4 11. Qe2 cxd4 12. Rd1 d3 13. Nxd3 Qc7 14. Nxb4 Bxb4
15. e4 e5 16. Bg5 Bxc3 17. bxc3 Bg4 18. f3 Bd7 19. Bxf6 Qb6+ 20. Qf2 Qxf6 21.
Bd5 Rc8 22. Bxb7 Rxc3 23. Rxd7 Kxd7 24. Qd2+ Kc7 25. Qxc3+ Kxb7 26. Rb1+ Ka8
27. Qc7 1-0

[Event "Olimpiada Dresden 2008 Femenina"]
[Site "Dresden GER"]
[Date "2008.11.14"]
[Round "2.10"]
[White "Ordaz Valdes, Lisandra"]
[Black "Bojkovic, Natasa"]
[Result "1/2-1/2"]
[WhiteElo "2306"]
[BlackElo "2420"]
[PlyCount "63"]
[EventDate "2008.11.13"]
[EventType "team-tourn"]
[EventRounds "11"]
[EventCountry "GER"]
[Source "lmi"]
[SourceDate "2008.11.13"]
[WhiteTeam "Cuba"]
[BlackTeam "SRB"]
[WhiteTeamCountry "CUB"]

1. d4 Nf6 2. c4 e6 3. Nf3 b6 4. Bf4 Ba6 5. e3 Bb4+ 6. Nfd2 O-O 7. a3 Be7 8. Nc3
d5 9. Be2 c6 10. O-O Nbd7 11. cxd5 Bxe2 12. Qxe2 exd5 13. Rfd1 Re8 14. Rac1 Nf8
15. Nf3 Bd6 16. Ne5 Rc8 17. Qf3 Ng6 18. Nxg6 hxg6 19. Bg5 Re6 20. Qh3 Qe8 21.
Bxf6 gxf6 22. Qf3 Kg7 23. Rc2 Qd7 24. Rdc1 Rh8 25. g3 Bb8 26. Nb1 a5 27. Nd2
Rc8 28. Nf1 Bd6 29. Rd1 Bf8 30. Rcd2 Bd6 31. Rc2 Bf8 32. Rcd2 1/2-1/2

[Event "Olimpiada Dresden 2008 Femenina"]
[Site "Dresden GER"]
[Date "2008.11.14"]
[Round "2.10"]
[White "Linares Napoles, Oleiny"]
[Black "Chelushkina, Irina"]
[Result "1-0"]
[WhiteElo "2261"]
[BlackElo "2360"]
[PlyCount "75"]
[EventDate "2008.11.13"]
[EventType "team-tourn"]
[EventRounds "11"]
[EventCountry "GER"]
[Source "lmi"]
[SourceDate "2008.11.13"]
[WhiteTeam "Cuba"]
[BlackTeam "SRB"]
[WhiteTeamCountry "CUB"]

1. e4 c5 2. Nf3 Nc6 3. d4 cxd4 4. Nxd4 Nf6 5. Nc3 d6 6. Bg5 Bd7 7. Qd2 Rc8 8.
f3 a6 9. h4 e6 10. O-O-O Be7 11. Kb1 h6 12. Be3 b5 13. Nxc6 Bxc6 14. Ne2 d5 15.
e5 Nd7 16. f4 Bxh4 17. Nd4 Be7 18. f5 Nc5 19. fxe6 Nxe6 20. Be2 Bd7 21. Nf5 Qc7
22. Bd3 d4 23. Nxd4 Nxd4 24. Bxd4 Be6 25. Qf2 Bg5 26. Bb6 Qb7 27. Bc5 Bxa2+ 28.
Kxa2 Qd5+ 29. Kb1 Qxc5 30. Qg3 Rd8 31. Rdf1 O-O 32. Qxg5 Rxd3 33. Rxh6 Rd2 34.
Qxd2 gxh6 35. Qxh6 Qxe5 36. Rh1 Qg7 37. Qh4 Re8 38. Rh3 1-0

[Event "Olimpiada Dresden 2008 Femenina"]
[Site "Dresden GER"]
[Date "2008.11.14"]
[Round "2.12"]
[White "Fuchs, Judith"]
[Black "Djingarova, Emilia"]
[Result "1/2-1/2"]
[WhiteElo "2238"]
[BlackElo "2352"]
[PlyCount "124"]
[EventDate "2008.11.13"]
[EventType "team-tourn"]
[EventRounds "11"]
[EventCountry "GER"]
[Source "lmi"]
[SourceDate "2008.11.13"]
[WhiteTeam "Alemania"]
[BlackTeam "Bulgaria"]
[WhiteTeamCountry "GER"]
[BlackTeamCountry "BUL"]

1. e4 e5 2. Bc4 Nf6 3. d3 Bc5 4. Nf3 Nc6 5. c3 O-O 6. Bb3 d5 7. Nbd2 Bg4 8. Qe2
dxe4 9. dxe4 Nh5 10. Nf1 Nf4 11. Bxf4 exf4 12. N1d2 Ne5 13. O-O Qf6 14. Qb5
Nxf3+ 15. Nxf3 Bxf3 16. gxf3 b6 17. Rad1 Rae8 18. Kh1 Re5 19. Qe2 Qh4 20. Rd5
Rfe8 21. Rg1 Rxd5 22. Bxd5 Qxf2 23. Qxf2 Bxf2 24. Rd1 Bh4 25. Kg2 Bf6 26. Bb3
Rd8 27. Rxd8+ Bxd8 28. Kf2 Kf8 29. Ke2 Bf6 30. Kd3 Ke7 31. Bd5 Be5 32. Kc4 f6
33. Bg8 h5 34. Bh7 g5 35. Bf5 c6 36. h3 Kd6 37. Kd3 a5 38. Bg6 g4 39. fxg4 h4
40. Bf7 a4 41. a3 b5 42. Ba2 c5 43. Bb1 Kc6 44. Bc2 Kb6 45. Ke2 Ka5 46. Kd3 Kb6
47. Ke2 Bd6 48. Bd1 Ka5 49. Kd3 Be5 50. Bc2 b4 51. Bd1 Kb5 52. Bf3 bxa3 53.
bxa3 Bd6 54. Kc2 c4 55. Kb2 Be7 56. Ka2 Kc5 57. Kb2 Kd6 58. Ka2 Ke5 59. Kb2 Bd6
60. Ka2 Bc5 61. Kb2 Be3 62. Kc2 Bc5 1/2-1/2

[Event "Olimpiada Dresden 2008 Femenina"]
[Site "Dresden GER"]
[Date "2008.11.14"]
[Round "2.12"]
[White "Voiska, Margarita"]
[Black "Schoene, Maria"]
[Result "1-0"]
[WhiteElo "2318"]
[BlackElo "2198"]
[PlyCount "52"]
[EventDate "2008.11.13"]
[EventType "team-tourn"]
[EventRounds "11"]
[EventCountry "GER"]
[Source "lmi"]
[SourceDate "2008.11.13"]
[WhiteTeam "Bulgaria"]
[BlackTeam "Alemania"]
[WhiteTeamCountry "BUL"]
[BlackTeamCountry "GER"]

1. d4 Nf6 2. Nf3 g6 3. g3 Bg7 4. Bg2 O-O 5. O-O d6 6. c4 Nc6 7. Nc3 a6 8. b3 e5
9. d5 Na5 10. Ba3 Ne8 11. c5 dxc5 12. Bxc5 Nd6 13. e4 b6 14. Be3 Bb7 15. Rc1 c5
16. Na4 Nxe4 17. b4 b5 18. Nxc5 Nxc5 19. Bxc5 Nc4 20. Bxf8 Bxf8 21. Nd2 Nb6 22.
Qb3 Bxd5 23. Bxd5 Nxd5 24. Ne4 Nxb4 25. Rfd1 Qa5 26. a3 Qd8 1-0

[Event "Olimpiada Dresden 2008 Femenina"]
[Site "Dresden GER"]
[Date "2008.11.14"]
[Round "2.12"]
[White "Mader, Manuela"]
[Black "Velcheva, Maria"]
[Result "1-0"]
[WhiteElo "2132"]
[BlackElo "2280"]
[PlyCount "91"]
[EventDate "2008.11.13"]
[EventType "team-tourn"]
[EventRounds "11"]
[EventCountry "GER"]
[Source "lmi"]
[SourceDate "2008.11.13"]
[WhiteTeam "Alemania"]
[BlackTeam "Bulgaria"]
[WhiteTeamCountry "GER"]
[BlackTeamCountry "BUL"]

1. d4 d5 2. c4 e6 3. Nc3 c6 4. cxd5 exd5 5. Nf3 Nf6 6. Bf4 Bd6 7. Bg3 Ne4 8. e3
O-O 9. Bd3 Re8 10. Qc2 f5 11. O-O Bxg3 12. hxg3 Nd7 13. b4 Ndf6 14. Ne5 Qd6 15.
Rab1 Be6 16. Na4 Rac8 17. Qb2 b6 18. Rbc1 Rc7 19. Rc2 Bd7 20. Rfc1 h5 21. Nc3
Nxc3 22. Rxc3 Rxe5 23. dxe5 Qxe5 24. R3c2 Qe6 25. Qd4 Rc8 26. a4 Be8 27. a5 Nd7
28. Qf4 bxa5 29. Ba6 Rd8 30. Rxc6 Qf7 31. bxa5 Nf6 32. Rc7 Qg6 33. Rxa7 Ne4 34.
Rc8 Rxc8 35. Bxc8 Qc6 36. Qc7 Qf6 37. Be6+ Kh8 38. Qe7 Qa1+ 39. Kh2 Bg6 40.
Qf8+ Kh7 41. Bxf5 Qe5 42. Bxg6+ Kxg6 43. Qf7+ Kh7 44. Qxg7+ Qxg7 45. Rxg7+ Kxg7
46. a6 1-0

[Event "Olimpiada Dresden 2008 Femenina"]
[Site "Dresden GER"]
[Date "2008.11.14"]
[Round "2.13"]
[White "Ubaldo Suarez, Maria Gisela"]
[Black "Basta-Sohair, F."]
[Result "1-0"]
[WhiteElo "2089"]
[BlackElo "2051"]
[PlyCount "95"]
[EventDate "2008.11.13"]
[EventType "team-tourn"]
[EventRounds "11"]
[EventCountry "GER"]
[Source "lmi"]
[SourceDate "2008.11.13"]
[WhiteTeam "Venezuela"]
[BlackTeam "Egipto"]
[WhiteTeamCountry "VEN"]
[BlackTeamCountry "EGY"]

1. d4 d5 2. c4 c6 3. Nc3 Nf6 4. Nf3 e6 5. cxd5 exd5 6. Qc2 Bb4 7. a3 Bd6 8. Bg5
h6 9. Bh4 g5 10. Bg3 Bxg3 11. hxg3 Ng4 12. e3 Qf6 13. Nxd5 Qd8 14. Nc3 Be6 15.
Bd3 Qf6 16. Ne4 Qe7 17. Nexg5 Nd7 18. Nxe6 fxe6 19. Bg6+ Kd8 20. Rh4 Ngf6 21.
Ne5 Nxe5 22. dxe5 Nd5 23. O-O-O Kc7 24. Rdh1 Qg7 25. Be4 Rad8 26. Rh5 Kb8 27.
Bf3 Rd7 28. g4 Rhd8 29. Qe4 Qe7 30. Rxh6 Qc5+ 31. Qc2 Qb6 32. Rh8 Kc7 33. Rxd8
Rxd8 34. Rh7+ Kb8 35. Kb1 Qa5 36. Rh1 Nb6 37. Qc3 Qb5 38. Rc1 Na4 39. Qb4 Qd3+
40. Ka2 Nb6 41. Rd1 Qxd1 42. Bxd1 Rxd1 43. Qf8+ Kc7 44. Qe7+ Nd7 45. Qxe6 Rd2
46. g5 Rxf2 47. Qd6+ Kc8 48. e6 1-0

[Event "Olimpiada Dresden 2008 Femenina"]
[Site "Dresden GER"]
[Date "2008.11.14"]
[Round "2.13"]
[White "Mona, Khaled"]
[Black "Han Wong, Irene Estefania"]
[Result "0-1"]
[WhiteElo "1967"]
[BlackElo "2098"]
[PlyCount "74"]
[EventDate "2008.11.13"]
[EventType "team-tourn"]
[EventRounds "11"]
[EventCountry "GER"]
[Source "lmi"]
[SourceDate "2008.11.13"]
[WhiteTeam "Egipto"]
[BlackTeam "Venezuela"]
[WhiteTeamCountry "EGY"]
[BlackTeamCountry "VEN"]

1. d4 Nf6 2. Nf3 e6 3. e3 c5 4. Bd3 Nc6 5. Nbd2 Qc7 6. O-O cxd4 7. exd4 Nb4 8.
Ne4 Be7 9. Bg5 Nxd3 10. Qxd3 b6 11. Bxf6 gxf6 12. d5 Bb7 13. d6 Qc6 14. Rae1
Bd8 15. c4 f5 16. Qd4 Rg8 17. Ne5 Qc8 18. Ng3 Bf6 19. f3 Qc5 20. Qxc5 bxc5 21.
Nxf5 Rg5 22. g4 exf5 23. f4 Rg8 24. g5 O-O-O 25. Nxf7 Bd4+ 26. Rf2 Rde8 27. Re7
Rxe7 28. dxe7 Kc7 29. Nh6 Re8 30. Nxf5 Bxf2+ 31. Kxf2 Be4 32. Ng3 Rxe7 33. f5
Bxf5 34. Nxf5 Rf7 35. h4 Rxf5+ 36. Kg3 Kd6 37. Kg4 Ke5 0-1

[Event "Olimpiada Dresden 2008 Femenina"]
[Site "Dresden GER"]
[Date "2008.11.14"]
[Round "2.13"]
[White "Hernandez, Zaida"]
[Black "Alaa El Din, Yosra"]
[Result "1-0"]
[WhiteElo "2039"]
[BlackElo "1949"]
[PlyCount "59"]
[EventDate "2008.11.13"]
[EventType "team-tourn"]
[EventRounds "11"]
[EventCountry "GER"]
[Source "lmi"]
[SourceDate "2008.11.13"]
[WhiteTeam "Venezuela"]
[BlackTeam "Egipto"]
[WhiteTeamCountry "VEN"]
[BlackTeamCountry "EGY"]

1. e4 e6 2. d4 d5 3. Nc3 dxe4 4. Nxe4 Nd7 5. Nf3 Ngf6 6. Ng3 Be7 7. Bd3 O-O 8.
O-O b6 9. Qe2 Bb7 10. Bg5 c5 11. c3 Qc7 12. Ne5 Rfe8 13. Bb5 a6 14. Bxf6 axb5
15. Bxg7 Kxg7 16. Qg4+ Kf8 17. Nh5 Bf6 18. Nxd7+ Qxd7 19. Nxf6 Qc6 20. Nxe8
Kxe8 21. Qg8+ Ke7 22. Qg5+ Ke8 23. Rfe1 Rd8 24. dxc5 bxc5 25. Rad1 Ra8 26. a3
h6 27. Qg3 Ke7 28. Re2 f6 29. Red2 e5 30. Rd7+ 1-0

[Event "Olimpiada Dresden 2008 Femenina"]
[Site "Dresden GER"]
[Date "2008.11.14"]
[Round "2.14"]
[White "Qane, Chnar"]
[Black "Hernandez Guerrero, Yadira"]
[Result "0-1"]
[WhiteElo "1913"]
[BlackElo "2228"]
[PlyCount "56"]
[EventDate "2008.11.13"]
[EventType "team-tourn"]
[EventRounds "11"]
[EventCountry "GER"]
[Source "lmi"]
[SourceDate "2008.11.13"]
[WhiteTeam "Irak"]
[BlackTeam "México"]
[WhiteTeamCountry "IRQ"]
[BlackTeamCountry "MEX"]

1. d4 c5 2. d5 g6 3. c4 d6 4. Nf3 Bg7 5. g3 Nf6 6. Bg2 b5 7. Nbd2 O-O 8. cxb5
a6 9. e4 axb5 10. O-O Nbd7 11. Re1 Ng4 12. Qb3 Qb6 13. h3 c4 14. Qc2 Qxf2+ 15.
Kh1 Nde5 16. hxg4 Bxg4 17. Qd1 Nd3 18. Re2 f5 19. Kh2 Qa7 20. Qg1 Qd7 21. Qe3
f4 22. gxf4 Rxf4 23. Nb3 Bxf3 24. Bxf3 Rh4+ 25. Kg1 Qh3 26. Nd4 Bxd4 27. Qxd4
Qxf3 28. Rg2 Qd1# 0-1

[Event "Olimpiada Dresden 2008 Femenina"]
[Site "Dresden GER"]
[Date "2008.11.14"]
[Round "2.15"]
[White "Al-Khelaifi, Aisha"]
[Black "Zepeda, Sonia"]
[Result "0-1"]
[WhiteElo "1640"]
[BlackElo "2118"]
[PlyCount "72"]
[EventDate "2008.11.13"]
[EventType "team-tourn"]
[EventRounds "11"]
[EventCountry "GER"]
[Source "lmi"]
[SourceDate "2008.11.13"]
[WhiteTeam "Qatar"]
[BlackTeam "El Salvador"]
[WhiteTeamCountry "QAT"]
[BlackTeamCountry "ESA"]

1. e4 c5 2. b3 Nc6 3. Bb2 d6 4. Nc3 Nf6 5. Bb5 Bd7 6. f4 e6 7. Nf3 Be7 8. O-O
O-O 9. h3 a6 10. Bxc6 Bxc6 11. d3 b5 12. Qe2 Qb6 13. Kh1 Nh5 14. Qf2 Nxf4 15.
Ne2 Nxe2 16. Qxe2 a5 17. Nd2 a4 18. Qg4 e5 19. Qf5 Qc7 20. Nf3 Bd7 21. Qh5 f5
22. Ng5 h6 23. Ne6 Bxe6 24. exf5 Bd5 25. Bc1 Bf6 26. Rb1 axb3 27. axb3 Ra2 28.
Rf2 e4 29. Qe2 Qc6 30. Qf1 Bd4 31. Rd2 Be3 32. Re2 Bxc1 33. Rxc1 exd3 34. cxd3
Rxe2 35. Qxe2 Rxf5 36. b4 Rg5 0-1

[Event "Olimpiada Dresden 2008 Femenina"]
[Site "Dresden GER"]
[Date "2008.11.14"]
[Round "2.15"]
[White "Avelar, Gabriela"]
[Black "Safar, Reem"]
[Result "1-0"]
[WhiteElo "2045"]
[BlackElo "1719"]
[PlyCount "71"]
[EventDate "2008.11.13"]
[EventType "team-tourn"]
[EventRounds "11"]
[EventCountry "GER"]
[Source "lmi"]
[SourceDate "2008.11.13"]
[WhiteTeam "El Salvador"]
[BlackTeam "Qatar"]
[WhiteTeamCountry "ESA"]
[BlackTeamCountry "QAT"]

1. e4 c6 2. d4 d5 3. e5 c5 4. c3 Nc6 5. Nf3 Bg4 6. Be2 e6 7. Nbd2 Qb6 8. O-O
Nh6 9. Nb3 Nf5 10. dxc5 Bxc5 11. Nxc5 Qxc5 12. Bf4 O-O 13. h3 Bxf3 14. Bxf3 Qb6
15. Qd2 Nfe7 16. Rae1 Ng6 17. Bg3 Qc7 18. Qe3 Qb6 19. Qd2 Rac8 20. h4 Nge7 21.
h5 Na5 22. Bg4 Rfd8 23. b4 Nc4 24. Qg5 Rd7 25. h6 Ng6 26. hxg7 d4 27. cxd4 Rxd4
28. Bh5 Nd2 29. Rc1 Rcd8 30. Rfe1 Qxb4 31. Bxg6 fxg6 32. Qf6 Qb6 33. Bf4 R4d7
34. Be3 Qa6 35. Bxd2 Rxd2 36. Rc7 1-0

[Event "Olimpiada Dresden 2008 Femenina"]
[Site "Dresden GER"]
[Date "2008.11.14"]
[Round "2.15"]
[White "Al-Khelaifi, Kholoud"]
[Black "Sanchez, Ingrid"]
[Result "0-1"]
[WhiteElo "1480"]
[BlackElo "1964"]
[PlyCount "38"]
[EventDate "2008.11.13"]
[EventType "team-tourn"]
[EventRounds "11"]
[EventCountry "GER"]
[Source "lmi"]
[SourceDate "2008.11.13"]
[WhiteTeam "Qatar"]
[BlackTeam "El Salvador"]
[WhiteTeamCountry "QAT"]
[BlackTeamCountry "ESA"]

1. d4 Nf6 2. e3 g6 3. f4 Bg7 4. Nf3 O-O 5. Bd3 d6 6. O-O Nbd7 7. e4 e5 8. fxe5
dxe5 9. dxe5 Ng4 10. e6 fxe6 11. Ng5 Bd4+ 12. Kh1 Rxf1+ 13. Qxf1 Nf2+ 14. Kg1
Nxd3+ 15. Kh1 Nf2+ 16. Kg1 Nxe4+ 17. Kh1 Nxg5 18. Qf4 Qf6 19. Qxg5 Qf1# 0-1